| 000 | 005210000a22001810004500 | ||
|---|---|---|---|
| 003 | MACL | ||
| 005 | 20160128145546.0 | ||
| 008 | 160128b xxu||||| |||| 00| 0 eng d | ||
| 040 |
_aMACL _cMACL |
||
| 041 | _aHindi | ||
| 082 | _a355.095/LAL | ||
| 100 |
_aलाल डॉ. एम. बी _933939 |
||
| 245 | _aएन. ई. आर. परीक्षा | ||
| 260 |
_bउपकार प्रकाशन _c2003 _aआगरा |
||
| 350 | _a42 | ||
| 650 |
_aMillitary Science _934927 |
||
| 942 |
_cHIN _k355.095/LAL _2ddc |
||
| 999 |
_c30819 _d30819 |
||